LEADER 01490nam a2200277 i 4500 001 000000115318 003 CaOOAMICUS 005 20030519000000.0 008 030519s2000 it u000 u ita u 013 $a88007 020 $a88-215-4238-6 040 $aSeMil$bita 100 1 $aGardey de Soos, Thérèse.$0(OLS)http://semarc/name/48160 240 10$aEugénie Smet, bienheureuse Marie de la Providence : fondatrice des Auxiliatrices du Purgatoire (1825-1871).$0(OLS)http://semarc/title/407623 245 10$aCome attraverso il fuoco (1Cor 3,15) :$bEugenia Smet, beata Maria della Provvidenza fondatrice delle Ausiliatrici del Purgatorio (1825-1871) /$cThérèse Gardey de Soos. 260 $aCinisello Balsamo :$bSan Paolo,$c2000. 300 $a134 p., [8] p. di tav. :$bill. ;$c20 cm. 490 0 $aFondatori e riformatori ;$v52 650 4$aMaria : della Provvidenza .$0(OLS)http://semarc/subject/21088 830 0$aFondatori e riformatori ;$v52.$0(OLS)http://semarc/title/10386 850 $aSeMil 852 $aSeMil$W1$xVenegono$y1$m3J II 19$j70846$B70846$CSeMilBibl$Z2$F76161 $81 961 $aOmaggio: Giudici Ecc. Giovanni 996 $6020$a88-215-4238-6$9(OLS)http://semarc/number/99059 996 $6245$aCome attraverso il fuoco (1Cor 3,15) :$bEugenia Smet, beata Maria della Provvidenza fondatrice delle Ausiliatrici del Purgatorio (1825-1871)$9(OLS)http://semarc/title/407622 996 $6260$aCinisello Balsamo :$bSan Paolo$9(OLS)http://semarc/publisher/30129 LEADER 01707nam a2200241 i 4500 001 000000117881 003 CaOOAMICUS 005 20231013141000.0 008 171207s1750 it u000 u lat u 026 $aTeum e.i- isl- PoV. (3) 1750 (R) 040 $aSeMil$bita 100 1 $aArgelati, Filippo,$d<1685-1755>.$0(OLS)http://semarc/name/89278 245 10$aDe monetis Italiae. Pars prima. 300 $a[16], XII, [2], 304 p., [46] c. di tav. di cui 1 ripieg. :$bill. 500 $aSegn.: pg-2pg2 a-e2 [chi]1 A-2A2 2B4(-2B4) 2C-4D2 4E4(-4E4) 4F2 500 $aVignetta calcogr. su front. stampato in rosso e nero 500 $aContiene anche: Clariss. v. Ludovici Antonii Muratorii De moneta, sive Jure condendi nummos dissertatio. ; De diversis pecuniae generibus, quae apud veteres in usu fuere, dissertatio clarissimi viri Ludovici Antonii Muratorii. ; De nummis patriarcharum Aquilejensium p.f. Bernardi Mariae De Rubeis ... ; Joannis Brunatii De re nummaria patavinorum. ; Ferdinandi Schiavini Observationes in veteros nummos a clarissimo Muratorio editos, ... ; Epistolae 7 ... Stanislai Santinelli ... 500 $aTitolo dell'occhietto 773 0 $aArgelati, Filippo <1685-1755>$tMonetis Italiae variorum illustrium virorum dissertationes, quarum pars nunc primum in lucem prodit. Philippus Argelatus Bononiensis collegit, recensuit, auxit, necnon indicibus locupletissimis exornavit.$dMediolani : Prostant in Regia curia in Aedibus palatinis, 1750-1759.$g1$w()4297 850 $aSeMil 852 $aSeMil$W1$xVenegono$y1$m1X VII 1 FA$j73223$B73223$CSeMilBibl$Z2$F76300 $8I 996 $6245$aDe monetis Italiae. Pars prima$9(OLS)http://semarc/title/407711